[Event "GER-ch Seniors 50"]
[Site "Hamburg"]
[Date "2018.07.26"]
[Round "6"]
[White "Zunk, Steffi"]
[Black "Scheunemann, Uwe"]
[Result "0-1"]
[WhiteElo "798"]
[BlackElo "1647"]
[PlyCount "24"]
[EventDate "2018.07.21"]
[EventType "swiss"]
[EventRounds "9"]
[EventCountry "GER"]
[SourceTitle "CBM 186 Extra"]
[Source "ChessBase"]
[SourceDate "2018.08.24"]
[SourceVersion "1"]
[SourceVersionDate "2018.08.24"]
[SourceQuality "1"]

1. e4 d5 2. d3 dxe4 3. Nd2 exd3 4. Bxd3 Nc6 5. Ndf3 Nf6 6. h3 e6 7. Ne2 b6 8. Ng3 Bb7 9. 0-0 Bd6 10. Ne4 Nb4 11. Nc3 Nxd3 12. Qxd3 Bh2+ 0-1

[Event "Stuttgart-chB int"]
[Site "Ditzingen"]
[Date "2006.05.27"]
[Round "6"]
[White "Scheunemann, Uwe"]
[Black "Guenthner, Arthur"]
[Result "1/2-1/2"]
[WhiteElo "1384"]
[BlackElo "1674"]
[PlyCount "82"]
[EventDate "2006.05.25"]
[EventType "swiss"]
[EventRounds "7"]
[EventCountry "GER"]
[SourceTitle "EXT 2018"]
[Source "ChessBase"]
[SourceDate "2017.10.13"]
[SourceVersion "1"]
[SourceVersionDate "2017.10.13"]
[SourceQuality "1"]

1. c4 d6 2. e3 Nf6 3. d4 g6 4. Nf3 Bg7 5. Nc3 0-0 6. Be2 Nbd7 7. 0-0 c5 8. d5 Nb6 9. Nd2 e6 10. e4 exd5 11. exd5 Bf5 12. a4 Re8 13. Re1 Nbd7 14. Nf3 Ne5 15. Nxe5 Rxe5 16. Bf4 Re8 17. Rc1 a6 18. Qd2 Qd7 19. Bd3 Bxd3 20. Qxd3 Nh5 21. Bd2 Qg4 22. h3 Nf4 23. Bxf4 Qxf4 24. Ne2 Qh4 25. b3 Re7 26. Kf1 Rae8 27. Ng1 Rxe1+ 28. Rxe1 Rxe1+ 29. Kxe1 Qg5 30. Qf3 Qc1+ 31. Qd1 Qc3+ 32. Kf1 Qa1 33. Qxa1 Bxa1 34. Nf3 h6 35. g4 Kf8 36. Nd2 Bc3 37. Ne4 Be5 38. Ke2 Ke7 39. f3 Kd7 40. Kd3 Kc7 41. Nd2 Kd7 1/2-1/2

[Event "Hamburg Robinow op"]
[Site "Hamburg"]
[Date "2005.10.08"]
[Round "8"]
[White "Finck, Peter Kristian"]
[Black "Scheunemann, Uwe"]
[Result "1/2-1/2"]
[WhiteElo "1607"]
[BlackElo "1460"]
[PlyCount "81"]
[EventDate "2005.10.01"]
[EventType "swiss"]
[EventRounds "9"]
[EventCountry "GER"]
[SourceTitle "CBM 108 Extra"]
[Source "ChessBase"]
[SourceDate "2005.11.04"]
[SourceVersion "1"]
[SourceVersionDate "2005.11.04"]
[SourceQuality "1"]

1. d4 Nf6 2. Nc3 d5 3. Nf3 Bf5 4. Bf4 a6 5. g3 b5 6. a3 e6 7. Bg2 c5 8. 0-0 Ne4 9. Nxe4 Bxe4 10. Ng5 Bxg2 11. Kxg2 h6 12. Nf3 Nc6 13. Re1 Bd6 14. Be3 c4 15. b4 g5 16. c3 g4 17. Nd2 h5 18. f4 f5 19. Rh1 Ra7 20. Qc2 Rah7 21. h3 gxh3+ 22. Rxh3 Qc7 23. Nf3 Rh6 24. a4 Na7 25. Qa2 a5 26. Bd2 Kd7 27. axb5 Nxb5 28. Qxa5 Rb8 29. Qa4 Ke7 30. Rah1 Kf6 31. Rxh5 Rxh5 32. Rxh5 Qf7 33. Rh6+ Kg7 34. Ng5 Qg8 35. Rxe6 Re8 36. Rxe8 Qxe8 37. e3 Be7 38. Qa6 Bxg5 39. fxg5 Qe4+ 40. Kf2 Nxc3 41. Qf6+ 1/2-1/2

[Event "Hamburg Robinow op"]
[Site "Hamburg"]
[Date "2005.10.01"]
[Round "1"]
[White "Scheunemann, Uwe"]
[Black "Blittkowsky, Ralf"]
[Result "0-1"]
[WhiteElo "1460"]
[BlackElo "1586"]
[PlyCount "74"]
[EventDate "2005.10.01"]
[EventType "swiss"]
[EventRounds "9"]
[EventCountry "GER"]
[SourceTitle "CBM 108 Extra"]
[Source "ChessBase"]
[SourceDate "2005.11.04"]
[SourceVersion "1"]
[SourceVersionDate "2005.11.04"]
[SourceQuality "1"]

1. c4 Nf6 2. d4 e6 3. Bg5 Be7 4. Nf3 b6 5. e3 Bb7 6. Be2 0-0 7. 0-0 d5 8. b3 Ne4 9. Bxe7 Qxe7 10. Nfd2 f5 11. Bf3 Nd7 12. Qc2 c5 13. dxc5 Qf6 14. Na3 Ndxc5 15. Nb5 a6 16. Nd4 e5 17. Ne2 Nxd2 18. Bxd5+ Bxd5 19. Qxd2 Be4 20. Nc3 Rad8 21. Nxe4 Nxe4 22. Qb4 Qd6 23. Qxd6 Rxd6 24. f3 Nc3 25. Rf2 Rfd8 26. h3 Rd2 27. a4 Rxf2 28. Kxf2 Rd2+ 29. Kg3 Rb2 30. Re1 Rxb3 31. Kh4 Kf7 32. g4 Kf6 33. f4 Rb1 34. Rxb1 Nxb1 35. g5+ Ke6 36. Kh5 Nd2 37. g6 h6 0-1

[Event "Stuttgart-chB int"]
[Site "Ditzingen"]
[Date "2005.05.08"]
[Round "7"]
[White "Scheunemann, Uwe"]
[Black "Mueller, Johannes"]
[Result "1-0"]
[WhiteElo "1414"]
[BlackElo "1272"]
[PlyCount "83"]
[EventDate "2005.05.05"]
[EventType "swiss"]
[EventRounds "7"]
[EventCountry "GER"]
[SourceTitle "EXT 2018"]
[Source "ChessBase"]
[SourceDate "2017.10.13"]
[SourceVersion "1"]
[SourceVersionDate "2017.10.13"]
[SourceQuality "1"]

1. c4 e5 2. e4 Nf6 3. d3 Nc6 4. Nc3 Bb4 5. Bd2 Bxc3 6. Bxc3 d6 7. Nf3 0-0 8. h3 b6 9. Be2 Bb7 10. Qd2 h6 11. g4 Nh7 12. h4 f6 13. Rg1 g5 14. 0-0-0 Kf7 15. hxg5 hxg5 16. Rh1 Rh8 17. Rh5 Qg8 18. Rdh1 Ne7 19. Qc2 Bc6 20. d4 Bd7 21. Ne1 Ng6 22. Ng2 Nhf8 23. c5 Ne6 24. f3 Qg7 25. Ne3 Rxh5 26. Rxh5 Rh8 27. Nf5 Qf8 28. cxd6 cxd6 29. Bc4 Kg8 30. Qb3 Ngf4 31. Rxh8+ Kxh8 32. Qd1 Kg8 33. dxe5 fxe5 34. Nxd6 Qf6 35. Nf5 Be8 36. Qd6 Bf7 37. Bxe5 Qxe5 38. Qxe5 Kf8 39. Qb8+ Be8 40. Bxe6 Nxe6 41. Qd6+ Kf7 42. Qe7+ 1-0

[Event "Stuttgart-chB int"]
[Site "Ditzingen"]
[Date "2005.05.06"]
[Round "3"]
[White "Scheunemann, Uwe"]
[Black "Staib, Christian"]
[Result "1/2-1/2"]
[WhiteElo "1414"]
[BlackElo "1605"]
[PlyCount "51"]
[EventDate "2005.05.05"]
[EventType "swiss"]
[EventRounds "7"]
[EventCountry "GER"]
[SourceTitle "EXT 2018"]
[Source "ChessBase"]
[SourceDate "2017.10.13"]
[SourceVersion "1"]
[SourceVersionDate "2017.10.13"]
[SourceQuality "1"]

1. c4 Nf6 2. d4 g6 3. Nf3 Bg7 4. Nc3 0-0 5. Bf4 d6 6. Qd2 Nbd7 7. Bh6 a6 8. Bxg7 Kxg7 9. h3 Rb8 10. e3 c6 11. Bd3 b5 12. b3 Bb7 13. 0-0 Re8 14. e4 Qc7 15. Rfe1 e5 16. d5 cxd5 17. cxd5 Nc5 18. Bf1 b4 19. Na4 Nfxe4 20. Qd1 Nxa4 21. Rxe4 Nc3 22. Rc4 Qb6 23. Qd2 Rbc8 24. Rh4 Rh8 25. Qh6+ Kg8 26. Ng5 1/2-1/2